000 01514nam a2200253Ia 4500
003 PE SENCICO BE
005 20260219155141.0
008 200515s9999 xx 000 0 und d
040 _aPE SENCICO BE
_cPE SENCICO BE
041 _aspa
082 _a693.5
_bI5
110 1 _aInstituto Nacional de Investigación y Normalización de la Vivienda
245 1 0 _aEspecificaciones técnicas generales de las obras de concreto simple y concreto armado /
_cInstituto Nacional de Investigación y Normalización de la Vivienda
250 _a1a ed.
260 _aLima :
_bININVI ;
_c1990
300 _a179 páginas :
_c29 cm.
505 0 _aMateriales -- Acero de refuerzo -- Selección de las proporciones del concreto -- Encofrados -- Juntas y elementos embebidos -- Proporcionamiento en obra -- Mezclado del concreto -- Concreto premezclado -- Transporte del concreto -- Preparación para la colocación del concreto -- Colocación del concreto -- Consolidación del concreto -- Desencofrado
520 3 _aComprende la parte de las especificaciones técnicas que cubren aspectos de las obras de concreto que son típicas. Cabe mencionar que las presentes Especificaciones están referidas a concretos de peso normal y en su elaboración se ha tomado en consideración las disposiciones establecidas en la Norma Técnica de Edificación E.060 - 89 Concreto Armado
650 1 0 _aConcreto
_9309
650 2 0 _aEdificaciones
_9333
650 2 0 _aConcreto armado
_9334
650 _aPUB ININVI
942 _cLIB
_2ddc
999 _c3443
_d3443